000 nam a22 7a 4500
999 _c22128
_d22128
008 170123b xxu||||| |||| 00| 0 eng d
020 _a9781565335448
050 _aRT 55 .M38 2013
100 _aMarry, Smid K.
_d2013.
245 _aRN Maternal newborn nursing:
_bReview module edtion.
_cMary, Smid K.
250 _a1st ed.
260 _aUSA:
_bAssesment Technologies institute,
_c2013.
300 _avii, 352p.
_c24cm
650 _aMaternity nursing.
942 _2lcc
_cBOOKS
_hRT 55 .M55 2013